Score 0/24 Timer 03:00
7 Plays Today
Hint 4-Letter Word % Correct
♫ Elton John: Goodbye Yellow Brick ___♫ ROAD ♫
95.9%
♫ Pink Floyd: The ___ Side of the Moon ♫♫ DARK ♫
95.3%
♫ Bruce Springsteen: ___ to Run ♫♫ BORN ♫
94.4%
♫ AC/DC: ___ in Black ♫♫ BACK ♫
94.2%
♫ Neil Young: After the ___ Rush ♫♫ GOLD ♫
92.9%
Not badGOOD
92.6%
Contain in one's handHOLD
91.8%
What a tree and a dog have in commonBARK
91.7%
Where a farmer might keep his animalsBARN
91.7%
DeficiencyLACK
89.3%
♫ The Beatles: Sgt. Pepper's Lonely Hearts Club ___♫ BAND ♫
88.8%
Grit on a beachSAND
88.8%
Hint 4-Letter Word % Correct
Lingerie materialLACE
88.7%
Swimmer's pathLANE
87.7%
UtteredSAID
86.5%
Household servantMAID
86%
To mend a material through weavingDARN
83.6%
Large crucifix above a church entranceROOD
80.9%
Give temporarilyLOAN
80.3%
Multi-hued horseROAN
77.6%
♫ The Rolling Stones: Exile on ___ St. ♫♫ MAIN ♫
77.3%
Deadly poisonBANE
76.7%
Bereft, old styleLORN
74.5%
♫ Led Zeppelin: Houses of the ___♫ HOLY ♫
61%

Today's Daily Dose

Quick Pick
Colorful Movies

Get the Picture
Dog Breeds II

Remove Ads.
Support Sporcle.
Get the best of Sporcle when you Go Orange. This ad-free experience offers more features, more stats, and more fun while also helping to support Sporcle. Thank you for becoming a member.

You're not logged in!

Compare scores with friends on all Sporcle quizzes.
OR
Log In

Show Comments

Extras

Top Quizzes Today


Score Distribution

Your Account Isn't Verified!

In order to create a playlist on Sporcle, you need to verify the email address you used during registration. Go to your Sporcle Settings to finish the process.

Report this User

Report this user for behavior that violates our Community Guidelines.

Details: